| 000 | 01134cam a22003014a 4500 | ||
|---|---|---|---|
| 001 | 2618178 | ||
| 003 | NUST - PNEC | ||
| 005 | 20170116181132.0 | ||
| 008 | 981124s1999 wiua b 001 0 eng | ||
| 010 | _a 98053111 | ||
| 020 | _a0873894472 (alk. paper) | ||
| 035 | _a(DLC) 98053111 | ||
| 040 |
_aDLC _cLIBRARY _dDLC |
||
| 042 | _apcc | ||
| 050 | 0 | 0 |
_aTS156.8 _b.D52 1999 |
| 082 | 0 | 0 |
_a670.4275 DIE _221 |
| 100 | 1 |
_aDietrich, Edgar, _d1951- |
|
| 240 | 1 | 0 |
_aStatistische Verfahren zur Qualifikation von Messmitteln, Maschinen und Prozessen. _lEnglish |
| 245 | 1 | 0 |
_aStatistical procedures for machine and process qualification / _cEdgar Dietrich, Alfred Schulze. |
| 260 |
_aMilwaukee, Wis : _bASQ Quality Press, _cc1999. |
||
| 300 |
_axix, 396 p. : _bill. ; _c26 cm. |
||
| 504 | _aIncludes bibliographical references (p. 380-384) and index. | ||
| 650 | 0 |
_aProcess control _xME |
|
| 700 | 1 |
_aSchulze, Alfred, _d1952- |
|
| 906 |
_a7 _bcbc _corignew _d1 _eocip _f19 _gy-gencatlg |
||
| 942 |
_2ddc _cBK |
||
| 999 |
_c70026 _d70026 |
||